000 00788nam a2200265 a 4500
001 000018947
003 DO-SdBNP
005 20180214093137.0
007 000018947
008 100521s1994 dr 000 0 spa d
040 _aBPMSU
_bspa
_cBPMSU
092 _a791.43
_bJ61r
100 1 _aJimenes Sabater, María
245 1 0 _aRescatando nuestra mirada /
_cMaría Jimenes Sabater.
260 _aSanto Domingo :
_bEdiciones MSC,
_c1994.
300 _a57 p. ;
_c19 P.
500 _aIncluye índice analítico.
504 _aIncluye referencias bibliográficas.
650 4 _aCINE
_zAMÉRICA LATINA
650 4 _aCINEMATOGRAFÍA
910 _aValidado. Control de calidad MFF
942 _2ddc
_cBK
945 _aInventariado / 2018 VM
956 _aVMATEO
_b10
_c20150811
_lBPMSU
_h00151
999 _c8169
_d8169